01393naa a22003617a 4500001001000000003000900010005001700019007000300036008003400039040005400073041000900127072003000136090001800166100001900184100002100203100002300224100001900247111009100266245006800357260003400425500012400459650002000583650001900603650002600622650002400648650001000672650001000682773012100692909003600813942001400849999001900863952014900882BR7314476BR-BrBNA20240918173539.0ta230509b bl.||||| |||| 00| 0 por d aBR-BrBNAbporcBiblioteca Nacional de Agricultura a(Pt) aF22; F23; F25b2110bG514 aF22 BR73144761 aSilva, L.F. da1 aMello, A.A.O. de1 aCarvalho Filho, R.1 aDias, A.C.C.P.1 a2. Conferencia Internacional de Pesquisas em CacaucSalvador, BA (Brazil)d20 Nov 19671 aCaracteristicas dos principais solos de cacau da Bahia [Brasil]3 aIlheus, BA (Brasil): c1969.  aMemorias da 2. Conferencia Internacional de Pesquisas em Cacau Ilheus, BA (Brasil): 1969. p. 412-416 (BR7314476-AM)F22  aQUIMICA DO SOLO aFISICA DO SOLO aCLASSIFICACAO DO SOLO aFERTILIDADE DO SOLO aCACAU aBAHIA0 tMemorias da 2. Conferencia Internacional de Pesquisas em CacauwF22 BR7314476gIlheus, BA (Brasil), 1969. p. 412-416 a202404bLuciac55dLucia Elande cAM2AGRIS c305305d305305 002AGRIS40708Acervo Gerala41918b41918cAgrobasel0o2110 BR7303352r2024-05-20t01yAM10d2024-04-11ePortaria Interministerial nÂș 164/94